Report of the workshop on interventions to mitigate the impact of HIV/AIDS on smallholder agriculture, food security and rural livelihoods in Southern Africa (Record no. 80088)

MARC details
000 -LEADER
fixed length control field 01069nam a2200181 a 4500
008 - FIXED-LENGTH DATA ELEMENTS--GENERAL INFORMATION
fixed length control field 091012s2005 ||||||||||||||||| || u
050 ## - LIBRARY OF CONGRESS CALL NUMBER
Classification number UN-ECA(02)
110 ## - MAIN ENTRY--CORPORATE NAME
Corporate name or jurisdiction name as entry element United Nations Economic Commission For Africa(UNECA)
245 10 - TITLE STATEMENT
Title Report of the workshop on interventions to mitigate the impact of HIV/AIDS on smallholder agriculture, food security and rural livelihoods in Southern Africa
Statement of responsibility, etc. by United Nations Economic Commission for Africa (UNECA)
260 ## - PUBLICATION, DISTRIBUTION, ETC.
Place of publication, distribution, etc. Addis Ababa:
Name of publisher, distributor, etc. UNITED NATIONS ECONOMIC COMMISSION FOR AFRICA(UNECA)
Date of publication, distribution, etc. 2005
300 ## - PHYSICAL DESCRIPTION
Extent iv, 40p. :ill.
350 ## -
-- 0.00
500 ## - GENERAL NOTE
General note 17th - 19th October 2005, Lusaka, Zambia
650 ## - SUBJECT ADDED ENTRY--TOPICAL TERM
Topical term or geographic name entry element HIV/AIDS--RESEARCH
650 ## - SUBJECT ADDED ENTRY--TOPICAL TERM
Topical term or geographic name entry element HIV/AIDS PREVENTION--AFRICA, SOUTHERN
995 ## -
-- SPECIAL COLLECTIONS
-- 0.00
-- 03004656
-- CBU-MAIN LIBRARY (Kitwe)
-- 1
-- 0.00
-- UN-ECA(02)2005/ 3A
-- 1
-- AVAILABLE
-- Oct 12, 2009
-- 03004656
-- International Publications
995 ## -
-- SPECIAL COLLECTIONS
-- 0.00
-- 03004657
-- CBU-MAIN LIBRARY (Kitwe)
-- 1
-- 0.00
-- UN-ECA(02)2005/ 3B
-- 2
-- AVAILABLE
-- Oct 12, 2009
-- 03004657
-- International Publications
999 ## -
-- 80088
-- 80088
Holdings
Withdrawn status Lost status Source of classification or shelving scheme Damaged status Not for loan Permanent Location Current Location Shelving location Date acquired Total Checkouts Full call number Barcode Date last seen Copy number Price effective from Koha item type
          CBU-MAIN LIBRARY, KITWE. CBU-MAIN LIBRARY, KITWE.   06/29/2023   UN-ECA(02)2005/3A 03004656 06/29/2023 1 06/29/2023 SPECIAL COLLECTION
          CBU-MAIN LIBRARY, KITWE. CBU-MAIN LIBRARY, KITWE.   06/29/2023   UN-ECA(02)2005/3B 03004657 06/29/2023 2 06/29/2023 SPECIAL COLLECTION